Устройство защитного отключения против возгораний; Современные техника и технологии; Т. 1

Bibliographische Detailangaben
Parent link:Современные техника и технологии: 13-я Международная научно-практическая конференция студентов, аспирантов и молодых ученых, г. Томск, 26-30 марта 2007 г./ Томский политехнический университет (ТПУ).— , 2007
Т. 1.— 2007.— С. 25-26
1. Verfasser: Голубев И. В.
Sprache:Russisch
Veröffentlicht: 2007
Schlagworte:
Format: Buchkapitel
KOHA link:https://koha.lib.tpu.ru/cgi-bin/koha/opac-detail.pl?biblionumber=216569

MARC

LEADER 00000naa2a2200000 4500
001 216569
005 20231031194313.0
035 |a (RuTPU)RU\TPU\book\236541 
090 |a 216569 
100 |a 20120527d2007 k y0rusy50 ca 
101 0 |a rus 
102 |a RU 
200 1 |a Устройство защитного отключения против возгораний  |f И. В. Голубев 
320 |a Библиогр.: 2 назв. 
461 0 |0 (RuTPU)RU\TPU\book\136926  |t Современные техника и технологии  |o 13-я Международная научно-практическая конференция студентов, аспирантов и молодых ученых, г. Томск, 26-30 марта 2007 г.  |o труды в 3 т.  |f Томский политехнический университет (ТПУ)  |d 2007 
463 0 |0 (RuTPU)RU\TPU\book\168908  |t Т. 1  |v С. 25-26  |d 2007  |p 547 с. 
610 1 |a возгорания 
610 1 |a защитное отключение 
610 1 |a труды учёных ТПУ 
610 1 |a устройства 
700 1 |a Голубев  |b И. В. 
801 1 |a RU  |b 63413507  |c 20120527 
801 2 |a RU  |b 63413507  |c 20150908  |g RCR 
942 |c BK